000 00598nmm a2200193Ia 4500
008 251105s9999||||xx |||||||||||||||||und||
020 _a8476583303
041 _aspa
100 _aGómez Caffarena, J.
245 0 _aCuestiones epistemológicas
264 _a[Madrid, España] :
_bAnthropos,
_c1992
300 _a300 páginas
490 _aPensamiento crítico / Pensamiento utópico: filosofía de la religión
650 _aReligion(s)
700 _aGómez Caffarena, J.
700 1 _a Mardones, J. M. (coords.)
856 _uhttps://public.digitaliapublishing.com/a/47726
942 _cCF
999 _c66201
_d66201